| 000 | 00826nam a22001937a 4500 | ||
|---|---|---|---|
| 003 | BD-DhUL | ||
| 005 | 20171002151437.0 | ||
| 008 | 170914s1322 ii |||| |||| 00| 0 ben d | ||
| 040 |
_aBD-DhUL _cBD-DhUL |
||
| 082 |
_a891.449 _bSAS |
||
| 245 | 0 | 0 |
_aশ্রীশ্রীপদকল্পতরু : _b১ম খন্ড / _cসম্পা. সতীশচন্দ্র রায় |
| 260 |
_aকলকাতা : _bশ্রীরামকমল সিংহ, _c১৩২২। |
||
| 300 |
_aখন্ড ১ ; _c২২ সেমি. |
||
| 490 | 0 | _aসাহিত্য পরিষদ গ্রন্থাবলী-সং ৫০ | |
| 650 | 0 | _aবাংলা সাহিত্য। | |
| 650 | 0 | _aEnglish literature | |
| 700 | 0 |
_aসতীশচন্দ্র রায় _eসম্পা. |
|
| 942 |
_2ddc _cBK |
||
| 999 |
_c214555 _d214555 |
||